000 00464nam a22001697a 4500
005 20181016114549.0
008 160513b xxu||||| |||| 00| 0 eng d
020 _a978-81-317-3064-5
041 _aeng
082 _b1887
_a658.403
100 _aKen Laudon, Jane Laudon, and Rajanish Dass
_94884
245 _aManagement Information System.
260 _aNoida
_bDorlung Kindesley India P. Ltd.
_c2010
300 _a581p,
650 _aManagement
_9241
942 _cBK
999 _c721
_d721